[Event "2nd Nabokov Mem"]
[Site "Kiev UKR"]
[Date "2004.04.14"]
[Round "3"]
[White "Stopkin,V"]
[Black "Galinsky,T"]
[Result "1/2-1/2"]
[WhiteElo "2229"]
[BlackElo "2416"]

1.Nf3 d5 2.c4 e6 3.g3 c6 4.Qc2 Bd6 5.Bg2 Nf6 6.O-O O-O 7.d3 Nbd7 8.Nc3 Re8
9.e4 dxc4 10.dxc4 e5 11.Nh4 a5 12.h3 Nc5 13.b3 Qc7 14.Bg5 Nfd7 15.Nf5 Bf8
16.Rad1 Ne6 17.Be3 Nf6 18.Na4 c5 19.Nc3 Nd4 20.Qd3 Bd7 21.Bg5 Qb6 22.Ne3 h6
23.Ned5 Nxd5 24.Nxd5 Qd6 25.Bd2 a4 26.f4 axb3 27.fxe5 Qc6 28.axb3 Ra3 29.Rb1 Rxe5
30.Bc3 b5 31.Kh2 Bd6 32.Nb4 Qc7 33.Nd5 Qb8 34.Bxd4 cxd4 35.Qxd4 Rg5 36.Nf4 Bc6
37.Rbd1 Bc7 38.Rd3 bxc4 39.bxc4 Ra2 40.Rd2 Qb3 41.Rf3 Rxd2 42.Qxd2 Qxc4 43.Rc3 Qa4
44.Qc2 Bxf4 45.gxf4 Rg6 46.Qxa4 Bxa4 47.Rc8+ Kh7 48.e5 Rb6 49.Be4+ g6 50.Rc7 Bb3
51.Rb7  1/2-1/2

[Event "FSGM April"]
[Site "Budapest HUN"]
[Date "2004.04.15"]
[Round "13"]
[White "Paschall,W"]
[Black "Horvath,P1"]
[Result "0-1"]
[WhiteElo "2401"]
[BlackElo "2464"]

1.Nf3 d5 2.c4 e6 3.d4 Nf6 4.Nc3 Bb4 5.Qc2 dxc4 6.e3 b5 7.a4 c6 8.Bd2 a5 9.axb5 Bxc3
10.Qxc3 cxb5 11.b3 Bb7 12.bxc4 b4 13.Qc2 O-O 14.Bd3 Nbd7 15.O-O Qc7 16.Ng5 h6
17.Nh7 Ng4 18.f4 Rfd8 19.h3 Qc6 20.Rf3 Ngf6 21.Nxf6+ Nxf6 22.f5 e5 23.d5 Qc5
24.Rg3 Re8 25.Kh1 e4 26.Be2 Bxd5 27.Qb2 Qd6 28.Be1 Bb7 29.Rd1 Qe5 30.Rd4 Qxf5
31.Rd6 Ra6 32.Qd4 Rxd6 33.Qxd6 Qe5 34.Qb6 Qa1 35.Kh2 Qxe1 36.c5 Bd5 37.Bb5 Rf8
38.c6 Be6 39.Qd4 Nh5  0-1

[Event "ACP Blitz Prelim4"]
[Site "playchess.com INT"]
[Date "2004.04.15"]
[Round "6"]
[White "Battesti,S"]
[Black "Polaczek,R"]
[Result "0-1"]
[WhiteElo "1864"]
[BlackElo "2426"]

1.Nf3 d5 2.c4 c6 3.d4 Nf6 4.g3 Bf5 5.Nc3 e6 6.Bg2 Nbd7 7.O-O h6 8.b3 Be7
9.Bb2 O-O 10.Nd2 Bb4 11.a3 Bxc3 12.Bxc3 Qb6 13.Kh1 a5 14.f3 Bh7 15.e4 Qc7
16.cxd5 cxd5 17.Rc1 Qb6 18.b4 axb4 19.Bxb4 Rfc8 20.Nb3 dxe4 21.fxe4 Nxe4
22.Rf4 Ndf6 23.Nc5 Nxc5 24.Bxc5 Qa6 25.Rxf6 gxf6 26.Qg4+ Bg6 27.Rf1 b6 28.Be7 f5
29.Qh4 h5 30.Qg5 Kh7 31.Bf6 Rab8 32.h3 Qxa3 33.Be5 Qb2 34.Bxb8 Rxb8 35.g4 hxg4
36.hxg4 Kg7 37.gxf5 Rh8+ 38.Kg1 Qxd4+ 39.Rf2 Qd1+ 40.Rf1 Qd4+ 41.Rf2 exf5
42.Bf1 Qg4+ 43.Qxg4 fxg4 44.Rg2 f5 45.Bd3 Kf6 46.Bc4 Kg5 47.Rb2 g3 48.Rxb6 Rc8
49.Bb3 Rc3 50.Kg2 f4 51.Rxg6+ Kxg6 52.Bd1 Kg5 53.Bf3 Ra3 54.Bd5 Ra2+ 55.Kf3 Rb2
56.Be4 Rf2+  0-1

[Event "6th Open"]
[Site "Dubai UAE"]
[Date "2004.04.20"]
[Round "2"]
[White "Moradiabadi,E"]
[Black "Ulibin,M"]
[Result "1-0"]
[WhiteElo "2436"]
[BlackElo "2579"]

1.Nf3 d5 2.c4 d4 3.e3 Nc6 4.exd4 Nxd4 5.Nxd4 Qxd4 6.Nc3 e5 7.d3 Nh6 8.Be3 Qd8
9.Bxh6 gxh6 10.Be2 Bg7 11.Bg4 O-O 12.Bxc8 Rxc8 13.O-O c6 14.Qd2 Rc7 15.Qe3 a6
16.Rad1 f5 17.Rfe1 Rd7 18.Na4 e4 19.Nc5 Bd4 20.Qg3+ Rg7 21.Ne6 Rxg3 22.Nxd8 e3
23.Kf1 exf2 24.Re2 Re3 25.Rxe3 Bxe3 26.Nxb7 c5 27.b4 cxb4 28.d4 Rb8 29.Na5 Kf7
30.c5 f4 31.c6 Ke7 32.d5 Bc5 33.Nb7 Bd6 34.Kxf2 Bc7 35.d6+ Bxd6 36.Re1+  1-0

[Event "6th Open"]
[Site "Dubai UAE"]
[Date "2004.04.22"]
[Round "4"]
[White "Miroshnichenko,E"]
[Black "Kruppa,Y"]
[Result "0-1"]
[WhiteElo "2599"]
[BlackElo "2533"]

1.Nf3 d5 2.c4 e6 3.g3 dxc4 4.Bg2 c6 5.Qc2 b5 6.O-O Bb7 7.a4 Na6 8.b3 cxb3
9.Qxb3 Nc5 10.Qb2 Qb6 11.a5 Qa6 12.d4 Na4 13.Qc2 Nf6 14.Ne5 Rc8 15.Nd2 Be7
16.Ne4 c5 17.dxc5 Nxe4 18.c6 Bxc6 19.Nxc6 Bf8  0-1

[Event "6th Open"]
[Site "Dubai UAE"]
[Date "2004.04.23"]
[Round "5"]
[White "Gashimov,V"]
[Black "Megaranto,S"]
[Result "1-0"]
[WhiteElo "2565"]
[BlackElo "2458"]

1.Nf3 d5 2.c4 c6 3.e3 e6 4.b3 Nf6 5.Bb2 Nbd7 6.Be2 Bd6 7.O-O O-O 8.d3 b6
9.Nbd2 Bb7 10.e4 dxe4 11.dxe4 Qc7 12.g3 c5 13.Qc2 Rfe8 14.Rae1 Rad8 15.Bd1 Ne5
16.Qc3 Nfd7 17.Nh4 f6 18.f4 Nc6 19.Ndf3 e5 20.f5 Nd4 21.Nd2 b5 22.cxb5 Kh8
23.Bh5 Re7 24.g4 Nxb5 25.Qh3 Kg8 26.g5 fxg5 27.Ng6 hxg6 28.fxg6 Nf6 29.Be2 Bd5
30.exd5 Nd4 31.Bg4 e4 32.Bxd4 Bxh2+ 33.Kh1  1-0

[Event "6th Open"]
[Site "Dubai UAE"]
[Date "2004.04.24"]
[Round "6"]
[White "Moradiabadi,E"]
[Black "Pourkashiyan,A"]
[Result "1-0"]
[WhiteElo "2436"]
[BlackElo "2220"]

1.Nf3 d5 2.c4 e6 3.d4 Nf6 4.Nc3 Nbd7 5.Bf4 dxc4 6.e4 Bb4 7.Nd2 a6 8.Bxc4 b5
9.Be2 Bb7 10.Qc2 c5 11.a3 cxd4 12.axb4 dxc3 13.bxc3 e5 14.Be3 O-O 15.O-O Rc8
16.f3 Nb6 17.Nb3 Nfd7 18.Rfd1 Qc7 19.Na5 Ba8 20.Rdc1 Kh8 21.c4 bxc4 22.Nxc4 Nxc4
23.Qxc4 Qxc4 24.Bxc4 Bb7 25.Ra5 Rc6 26.Bc5 Nxc5 27.bxc5 Rc7 28.Bd5 g6 29.Kf2 Rd8
30.c6 Bc8 31.Ke3 Kg7 32.Rb1 Kf6 33.Rb8 Ke7 34.h4 h5 35.g3 Rd6 36.Rb6 f6 37.f4 Rd8
38.fxe5 fxe5 39.Bc4 Kf6 40.Rd5 Rf8 41.Rd6+ Kg7 42.Bxa6 Bxa6 43.Rxa6 Rf6 44.Rd7+ Rxd7
45.cxd7 Rf8 46.Rd6 Rd8 47.Kd3 Kf7 48.Kc4 Ke7 49.Kd5 Ra8 50.d8=Q+ Rxd8 51.Rxd8 Kxd8
52.Ke6 Ke8 53.Kf6  1-0

[Event "6th Open"]
[Site "Dubai UAE"]
[Date "2004.04.27"]
[Round "8"]
[White "Miroshnichenko,E"]
[Black "Kuzmin,A"]
[Result "1-0"]
[WhiteElo "2599"]
[BlackElo "2567"]

1.Nf3 d5 2.c4 c6 3.g3 Nf6 4.Bg2 dxc4 5.a4 Be6 6.O-O Bd5 7.Nc3 Na6 8.b3 cxb3
9.d3 Bxf3 10.Bxf3 e6 11.Qxb3 Rb8 12.Rb1 Nb4 13.Bf4 Rc8 14.a5 Qxa5 15.Ra1 Qb6
16.Be3 Qc7 17.Rxa7 Be7 18.Na2 Nfd5 19.Nxb4 Nxb4 20.Rb1 O-O 21.Qc4 c5 22.Rxb7 Qd6
23.Bf4 e5 24.Be3 h6 25.Bg4 Rc6 26.Rd7 Qf6 27.Bf3 Rcc8 28.Bb7 Rcd8 29.Rxd8 Rxd8
30.Bxc5 Bxc5 31.Qxc5  1-0

[Event "6th Open"]
[Site "Dubai UAE"]
[Date "2004.04.28"]
[Round "9"]
[White "Villamayor,B"]
[Black "Mamedjarova,Z"]
[Result "1/2-1/2"]
[WhiteElo "2469"]
[BlackElo "2343"]

1.Nf3 d5 2.c4 e6 3.d4 c5 4.cxd5 exd5 5.Nc3 Nc6 6.g3 Nf6 7.Bg2 Be7 8.O-O O-O
9.Bf4 c4 10.Ne5 Be6 11.Rc1 Rc8 12.Nxc6 bxc6 13.e4  1/2-1/2

[Event "ch-POL w"]
[Site "Warsaw POL"]
[Date "2004.04.29"]
[Round "4"]
[White "Radziewicz,I"]
[Black "Matras,A"]
[Result "1-0"]
[WhiteElo "2444"]
[BlackElo "2269"]

1.Nf3 d5 2.c4 c6 3.e3 Nf6 4.Nc3 g6 5.d4 Bg7 6.cxd5 cxd5 7.Bb5+ Bd7 8.Qb3 Bxb5
9.Qxb5+ Qd7 10.Ne5 Qxb5 11.Nxb5 Na6 12.b3 Nd7 13.Nd3 Ndb8 14.Bd2 Nc6 15.Ke2 O-O
16.Rac1 Rfc8 17.a4 Bf8 18.Rc2 e6 19.Rhc1 Rd8 20.Ne5 Ncb4 21.Bxb4 Bxb4 22.Nc7 Nxc7
23.Rxc7 Bd6 24.Rxb7 Rdb8 25.Rd7 Rd8 26.Rxd8+ Rxd8 27.b4 a6 28.Nd3 Rb8 29.Rb1 Rb6
30.Nc5 Kg7 31.f4 Be7 32.Kd3 Bd6 33.a5 Rc6 34.Rc1 Kg8 35.Rc2 Be7 36.Kc3 Kf8
37.Kb3 Ke8 38.Ka4 Rc8 39.Rb2 Bxc5 40.bxc5 Kd7 41.g4 f6 42.Rb6 Rc6 43.Kb4 Kc7
44.g5 f5 45.h3 Kd7 46.Rb7+ Rc7 47.Rb6 Rc6 48.Rb8 Kc7 49.Rh8 Kb7 50.Rxh7+ Rc7
51.c6+  1-0

[Event "Mitropa Cup"]
[Site "Zemplinska Sirava SVK"]
[Date "2004.05.06"]
[Round "9"]
[White "Balinov,I"]
[Black "Guidarelli,L"]
[Result "0-1"]
[WhiteElo "2382"]
[BlackElo "2444"]

1.Nf3 d5 2.c4 c6 3.b3 Nf6 4.Bb2 Bg4 5.e3 Nbd7 6.Be2 e6 7.O-O Bd6 8.d3 O-O
9.Nbd2 a5 10.a3 Qb8 11.cxd5 cxd5 12.h3 Bh5 13.Rc1 e5 14.Nh4 Bxe2 15.Qxe2 Re8
16.Rc2 e4 17.Nf5 Be5 18.Nd4 h5 19.Rd1 Ra6 20.dxe4 dxe4 21.Qb5 h4 22.Nc4 Bh2+
23.Kh1 Ne5 24.Nf5 Nd3 25.Rf1 Rd8 26.Nxa5 Nxb2 27.Rxb2 g6 28.Qxb7 Rxa5 29.Ne7+ Kf8
30.Qxb8 Rxb8 31.Nc6 Be5 32.Ra2 Rba8 33.Nxa5 Rxa5 34.b4 Ra4 35.Rd1 Ke7 36.f4 Bc3
37.b5 Nd7 38.Rc1 Ba5 39.Kg1 Bb6 40.Kf2 Nc5 41.Ke2 Ra5 42.Rc4 Rxb5 43.Rb4 Rxb4
44.axb4 Nd7 45.Ra6 Kd6 46.Kd2 Kc7 47.Ra8 Nb8 48.b5 Bc5 49.Kc2 Kb7 50.Ra4 f5
51.Ra1 Nd7 52.g3 Nf6 53.Rc1 Kb6 54.gxh4 Nd5 55.Rg1 Nxf4 56.Kd2 Kxb5 57.h5 Nxh5
58.Rxg6 f4 59.exf4 e3+ 60.Ke1 Nxf4 61.Rg5 Kc6 62.Rg1 Kd5 63.Rh1 Ke4 64.h4 e2
65.h5 Ke3  0-1

[Event "7th United Insurance"]
[Site "Dhaka BAN"]
[Date "2004.05.07"]
[Round "1"]
[White "Islam,AP"]
[Black "Saptarshi,R"]
[Result "0-1"]
[WhiteElo "2205"]
[BlackElo "2356"]

1.Nf3 d5 2.c4 e6 3.b3 c6 4.Bb2 f5 5.g3 Nf6 6.Bg2 Bd6 7.O-O O-O 8.Na3 Qe7
9.Nc2 e5 10.cxd5 cxd5 11.Ne3 Nc6 12.Qc2 g6 13.Rac1 Bd7 14.Rfd1 Rac8 15.Qb1 d4
16.Nc4 Bc5 17.d3 b5 18.Ncd2 e4 19.dxe4 fxe4 20.Nh4 e3 21.fxe3 Qxe3+ 22.Kh1 Ng4
23.Ne4 Rce8 24.Rd3 Nf2+ 25.Nxf2 Qxf2 26.Bf3 Bh3 27.Rxc5 Rxe2 28.Bxe2 Qxe2  0-1

[Event "Capablanca Mem Premier II"]
[Site "Havana CUB"]
[Date "2004.05.10"]
[Round "5"]
[White "Abreu,A"]
[Black "Kallio,H"]
[Result "1/2-1/2"]
[WhiteElo "2459"]
[BlackElo "2484"]

1.Nf3 d5 2.c4 c6 3.d4 Nf6 4.Nc3 dxc4 5.a4 Bf5 6.e3 e6 7.Bxc4 Bb4 8.O-O Nbd7
9.Nh4 O-O 10.Nxf5 exf5 11.Qb3 Qb6 12.Rd1 a5 13.Bd2 Qc7 14.Rac1 Rad8 15.g3 g6
16.Be1 h5 17.d5 Ne5 18.Be2 Qe7 19.dxc6 bxc6 20.Rd4 Kg7 21.Rcd1 Rb8 22.Qc2 Rb7
23.e4 fxe4 24.Nxe4 Bxe1 25.Rxe1 Rb4 26.Red1 Rfb8 27.Rxb4 Rxb4 28.Nc5 h4 29.Qc3 Nd5
30.Qc2 h3 31.Bf1 Nf3+ 32.Kh1 Nd4 33.Qc1 Ne6 34.Nd3 Rd4 35.Bxh3 Qd6 36.Bxe6 fxe6
37.Nc5 Rb4 38.Re1 Nc7 39.Qc3+ Kg8 40.Kg1 Qe7 41.Nd3 Rb6 42.Qxa5 Nd5 43.Nf4 Qb4
44.Qxb4 Rxb4 45.Nxd5 exd5 46.Re6 Rc4 47.Rxg6+ Kf7 48.Rh6 d4 49.Kg2 Ke7 50.Kf3 c5
51.Rb6 Rc1 52.Ke4 Rc2 53.h4 Rxf2 54.h5 Re2+ 55.Kf3 Rh2 56.Ke4 Rxh5 57.b4 cxb4
58.Rxb4 Rg5 59.Kf4 Rd5 60.Ke4 Rg5  1/2-1/2

[Event "Capablanca Mem Premier II"]
[Site "Havana CUB"]
[Date "2004.05.12"]
[Round "7"]
[White "Abreu,A"]
[Black "Rodriguez Guerrero,E"]
[Result "1-0"]
[WhiteElo "2459"]
[BlackElo "2407"]

1.Nf3 d5 2.c4 c6 3.e3 Nf6 4.Nc3 Nbd7 5.Qc2 e6 6.b3 Bd6 7.Bb2 O-O 8.h3 Re8
9.g4 Nf8 10.g5 N6d7 11.h4 a6 12.d4 b5 13.c5 Bc7 14.Ne2 a5 15.Ne5 Nxe5 16.dxe5 b4
17.Nd4 Qd7 18.f4 Ba6 19.Bh3 Bd8 20.h5 Ra7 21.O-O-O a4 22.Rdg1 axb3 23.axb3 Bc8
24.g6 fxg6 25.hxg6 hxg6 26.Bg4 Ra5 27.Qh2 Re7 28.Nf3 Rxc5+ 29.Kd2 Re8 30.Qh8+ Kf7
31.Bh5 Qa7 32.Rxg6  1-0

[Event "7th United Insurance"]
[Site "Dhaka BAN"]
[Date "2004.05.13"]
[Round "9"]
[White "Islam,AP"]
[Black "Sultana,Z2"]
[Result "1-0"]
[WhiteElo "2205"]
[BlackElo "2081"]

1.Nf3 d5 2.c4 e6 3.g3 c6 4.b3 Nf6 5.Bb2 Be7 6.Bg2 Nbd7 7.O-O O-O 8.d3 Re8
9.Nbd2 Nf8 10.Ne5 N6d7 11.Ndf3 Bf6 12.Qc2 Nxe5 13.Nxe5 d4 14.Ng4 e5 15.Nxf6+ Qxf6
16.f4 Ng6 17.fxe5 Qxe5 18.e4 c5 19.b4 Be6 20.bxc5 Qxc5 21.a4 Rad8 22.Qb3 b6
23.Qb5 Ne5 24.Rfd1 Bg4 25.Rd2 Bf3 26.Qxc5 bxc5 27.Ba3 Rc8 28.Rb1 h6 29.Rb3 Rc7
30.Bh3 Bh5 31.Bg2 Bf3 32.Rb5 Rec8 33.Bh3 Bg4 34.Bxg4 Nxg4 35.h3 Ne5 36.Kf2 Nd7
37.a5 Rc6 38.Rb7 R8c7 39.Rdb2 Kf8 40.R2b5 Ke8 41.Bc1 g5 42.h4 f6 43.Ba3 Kd8
44.Rxc7 Kxc7 45.Ke2 Kd6 46.hxg5 hxg5 47.Bc1 a6 48.Rb7 Rc7 49.Rb1 Kc6 50.e5 fxe5
51.Bxg5 Rc8 52.Rh1 Rf8 53.Rh6+ Kb7 54.Rd6 Rf7 55.Bh4 Nb8 56.Rb6+ Ka7 57.Re6 Nd7
58.g4 Rh7 59.Bg3 Rg7 60.Kf3 Rf7+ 61.Kg2 Nf6 62.g5 Ng4 63.Kh3 Ne3 64.g6 Rf5
65.Rxe5 Rf6 66.g7  1-0

[Event "22nd LIE-Open"]
[Site "Triesen LIE"]
[Date "2004.05.14"]
[Round "1"]
[White "Pilz,D"]
[Black "Muendle,K"]
[Result "1-0"]
[WhiteElo "2349"]
[BlackElo "1923"]

1.Nf3 d5 2.c4 d4 3.g3 Nc6 4.Bg2 e5 5.d3 Nf6 6.O-O Bc5 7.b4 Bxb4 8.Nxe5 Nxe5
9.Qa4+ Nc6 10.Bxc6+ bxc6 11.Qxb4 Bh3 12.Re1 Nd7 13.Ba3 c5 14.Qa5 c6 15.Qxd8+ Rxd8
16.Nd2 O-O 17.f3 Bf5 18.Nb3 Rfe8 19.Kf2 Re5 20.g4 Bg6 21.f4 Re3 22.Bc1 Re6
23.f5 Rf6 24.Bg5 Ne5 25.h3 Rdd6 26.Bxf6 Rxf6 27.Kg3 Bxf5 28.Rf1 Bg6 29.Rxf6 gxf6
30.Nxc5 f5 31.gxf5 Bxf5 32.Nb3  1-0

[Event "5th IECC"]
[Site "Antalya TUR"]
[Date "2004.05.15"]
[Round "1"]
[White "Grunberg,M"]
[Black "Asrian,K"]
[Result "1/2-1/2"]
[WhiteElo "2401"]
[BlackElo "2605"]

1.Nf3 d5 2.c4 e6 3.g3 Nf6 4.Bg2 Be7 5.O-O O-O 6.d4 c6 7.Qc2 Nbd7 8.b3 Ne4
9.Ba3 Bxa3 10.Nxa3 Qe7 11.Qb2 b6 12.Rac1 Bb7 13.Rfd1 Rac8 14.Nc2 a5 15.Nce1 b5
16.cxb5 cxb5  1/2-1/2

[Event "TCh-SCG"]
[Site "Petrovac SCG"]
[Date "2004.05.17"]
[Round "2"]
[White "Arsovic,G"]
[Black "Pajkovic,V"]
[Result "1-0"]
[WhiteElo "2397"]
[BlackElo "2425"]

1.Nf3 d5 2.c4 c6 3.e3 Nf6 4.Nc3 a6 5.Qc2 e6 6.d4 Nbd7 7.b3 Be7 8.Bd3 O-O
9.O-O b5 10.Rd1 Bb7 11.Bb2 Qa5 12.c5 h6 13.h3 Rfe8 14.b4 Qc7 15.a4 Qb8 16.axb5 axb5
17.Rxa8 Bxa8 18.Ra1 Bd8 19.Nb1 Bc7 20.Nbd2 e5 21.dxe5 Nxe5 22.Nxe5 Bxe5 23.Nf3 Bxb2
24.Qxb2 Bb7 25.Ra5 Qc7 26.Ra7 Ra8 27.Rxa8+ Bxa8 28.Qa1 Bb7 29.Qa7 Nd7 30.Bf5 Nb8
31.Qa3 g6 32.Bd3 Bc8 33.Nd4 Na6 34.Nf3 Bb7 35.Qc3 Qe7 36.Kf1 Bc8 37.Bc2 Be6
38.Qd4 Bc8  1-0

[Event "22nd LIE-Open"]
[Site "Triesen LIE"]
[Date "2004.05.18"]
[Round "5"]
[White "Grunberg,SF"]
[Black "Heyl,T"]
[Result "1-0"]
[WhiteElo "2270"]
[BlackElo "2061"]

1.Nf3 d5 2.c4 e6 3.g3 Nf6 4.Bg2 Nbd7 5.O-O c6 6.d4 Be7 7.Qc2 Ne4 8.b3 O-O
9.Nfd2 f5 10.e3 Ndf6 11.f3 Ng5 12.Bb2 Qb6 13.Nc3 a5 14.Na4 Qa7 15.c5 Nd7
16.e4 b5 17.cxb6 Nxb6 18.Nc5 Nd7 19.Rac1 Nxc5 20.dxc5 Bf6 21.e5 Be7 22.Bd4 Ba6
23.Rfe1 Rfb8 24.a3 Qc7 25.Nb1 Ra7 26.Nc3 Bb5 27.Kf2 Rab7 28.Rb1 Bd8 29.Re3 Qe7
30.Bf1 Bxf1 31.Kxf1 f4 32.Rd3 Qf7 33.h4 Nh3 34.Kg2 Qh5 35.Kxh3 fxg3 36.Kg2 Bxh4
37.Ne2 Qg6 38.Rc3 Qxc2 39.Rxc2 Rxb3 40.Rcb2  1-0

[Event "22nd LIE-Open"]
[Site "Triesen LIE"]
[Date "2004.05.18"]
[Round "5"]
[White "Pilz,D"]
[Black "Ballon,G"]
[Result "1/2-1/2"]
[WhiteElo "2349"]
[BlackElo "2178"]

1.Nf3 d5 2.c4 c6 3.b3 Bg4 4.Bb2 Nd7 5.h3 Bh5 6.e3 e6 7.Be2 a5 8.Nc3 Ngf6
9.O-O h6 10.cxd5 exd5 11.Nh4 Bxe2 12.Qxe2 Be7 13.Nf5 O-O 14.e4 dxe4 15.Nxe4 Nxe4
16.Qxe4 Bf6 17.Bc3 Bxc3 18.dxc3 Qf6 19.Rae1 Nc5 20.Qg4 Rfe8 21.Re3 Qg5 22.Qf3 Rxe3
23.fxe3  1/2-1/2

[Event "22nd LIE-Open"]
[Site "Triesen LIE"]
[Date "2004.05.19"]
[Round "6"]
[White "Schaefer,Mi"]
[Black "Bhend,E"]
[Result "0-1"]
[WhiteElo "2136"]
[BlackElo "2254"]

1.Nf3 d5 2.c4 e6 3.d4 Nf6 4.g3 dxc4 5.Bg2 Bb4+ 6.Nc3 Nc6 7.O-O O-O 8.e3 Rb8
9.Nd2 e5 10.d5 Na5 11.e4 Bd6 12.Qe2 b5 13.a4 b4 14.Nd1 Nd7 15.Nf3 Nb3 16.Rb1 Ba6
17.Ne3 Nd4 18.Nxd4 exd4 19.Nf5 d3 20.Qg4 g6 21.Bd2 Ne5 22.Nh6+ Kg7 23.Qh3 Bc5
24.Kh1 Bc8 25.g4 g5 26.f4 gxf4 27.Nf5+ Bxf5 28.gxf5 f6 29.Rxf4 Kh8 30.Rh4 Qe7
31.Bf4 Bd4 32.Bxe5 Bxe5 33.b3 cxb3 34.Rxb3 Rf7 35.Qxd3 Rg7 36.Bf3 Qc5 37.Rb1 Rbg8
38.Qd1 Qf2 39.Rh3 Rg2  0-1

[Event "Hostan Open"]
[Site "Znojmo CZE"]
[Date "2004.05.19"]
[Round "5"]
[White "Dvorak,L"]
[Black "Koth,S"]
[Result "1/2-1/2"]
[WhiteElo "2039"]
[BlackElo "2178"]

1.Nf3 d5 2.c4 c6 3.g3 Nf6 4.Bg2 e6 5.b3 Bd6 6.Bb2 Nbd7 7.O-O O-O 8.d4 Ne4
9.Nfd2 f5 10.f3 Nxg3 11.hxg3 Bxg3 12.f4 g5 13.fxg5 Qxg5 14.Rf3 Qh4 15.Nf1 Bc7
16.Rh3 Qg5 17.Nbd2 Nf6 18.e3 h5 19.Nf3 Rf7 20.Ne5 Bxe5 21.dxe5 Ne4 22.Rxh5 Qg6
23.Rh2 b6 24.cxd5 cxd5 25.Qh5 Rg7 26.Qh8+ Kf7 27.Rc1 Nc5 28.b4 Bb7 29.Qh4 d4
30.Qf6+ Qxf6 31.exf6 Rxg2+ 32.Rxg2 Bxg2 33.bxc5 Rg8 34.Bxd4 Be4+ 35.Kf2 Rg2+
36.Ke1 Bf3 37.Nd2 Rg1+ 38.Nf1 Rg2  1/2-1/2

[Event "Hostan Open"]
[Site "Znojmo CZE"]
[Date "2004.05.20"]
[Round "6"]
[White "Vokac,M"]
[Black "Heinzel,O"]
[Result "1/2-1/2"]
[WhiteElo "2462"]
[BlackElo "2358"]

1.Nf3 d5 2.c4 c6 3.d4 Nf6 4.Nc3 e6 5.Bg5 Be7 6.e3 Nbd7 7.Qc2 O-O 8.O-O-O dxc4
9.Bxc4 b5 10.Bd3 h6 11.h4 Bb7 12.Kb1 a5 13.Bxf6 Nxf6 14.Ne5 a4 15.Rhg1 Nd5
16.Nxd5 cxd5 17.g4 Bxh4 18.f4 g5 19.Nf3 b4 20.Qh2 b3 21.a3 Ba6 22.Nxh4 Bxd3+
23.Rxd3 gxh4 24.g5 h5 25.Qxh4 Kg7 26.Rc3 Rc8 27.Rgc1 Rxc3 28.Rxc3 Qd7 29.Qxh5 Rh8
30.Qe2 e5 31.Rc1 exf4 32.exf4 Qf5+ 33.Ka1 Qxf4 34.Rf1 Rh2 35.Qd3 Qe4 36.Qd1 Qc2
37.Qxc2 Rxc2 38.Kb1 Rd2 39.Kc1 Rxd4 40.Rf6 Rc4+ 41.Kd1 Rc2 42.Ra6 Rxb2 43.Rxa4 Ra2
44.Kc1 Kg6 45.Rf4 Rxa3 46.Rf6+ Kg7 47.Kb2 Ra5 48.Kxb3 d4 49.Kc4 Rxg5 50.Rf4 Re5
51.Kxd4 Re7 52.Rf1 f6 53.Rg1+ Kf7 54.Rf1 Re5 55.Rg1 Ke6 56.Ra1 Kf7 57.Rg1 Re8
58.Rf1 Re7 59.Kd3 Re6 60.Kd4 Ke7 61.Rf4 Kf7 62.Re4 f5 63.Rxe6 Kxe6 64.Ke3 Ke5
65.Kf3 f4 66.Kf2 Ke4 67.Ke2 f3+ 68.Kf2 Kf4 69.Kf1 Ke3 70.Ke1 f2+ 71.Kf1 Kf3  1/2-1/2

[Event "5th IECC"]
[Site "Antalya TUR"]
[Date "2004.05.21"]
[Round "6"]
[White "Miroshnichenko,E"]
[Black "Smeets,J"]
[Result "1-0"]
[WhiteElo "2599"]
[BlackElo "2531"]

1.Nf3 d5 2.c4 c6 3.g3 Nf6 4.Bg2 Bf5 5.O-O e6 6.d3 Nbd7 7.cxd5 cxd5 8.Nc3 Bc5
9.h3 h6 10.Qb3 Qb6 11.Qa4 Qc6 12.Qxc6 bxc6 13.Na4 Bb6 14.b3 Nc5 15.Nxc5 Bxc5
16.Bb2 Be7 17.Nd4 Kd7 18.Rac1 Rhc8 19.Rc2 Bh7 20.Rfc1 c5 21.Nf3 Rc7 22.Nd2 Ke8
23.Be5 Rcc8 24.Bd4 Rc7 25.b4 Rac8 26.bxc5 Kf8 27.Nb3 Nd7 28.f4 g5 29.Bf2 Bf6
30.e4 dxe4 31.dxe4 Ke8 32.Be3 Be7 33.Rc3 f6 34.c6 Nb8 35.e5 fxe5 36.fxg5 hxg5
37.Nc5 Bxc5 38.Rxc5 g4 39.Rxe5 gxh3 40.Rxe6+ Re7 41.Rxe7+ Kxe7 42.Bf3 Bf5
43.c7 Na6 44.Bb7 h2+ 45.Kxh2  1-0

[Event "TCh-NED"]
[Site "Enschede NED"]
[Date "2004.05.21"]
[Round "2"]
[White "Timman,J"]
[Black "Feygin,M"]
[Result "1/2-1/2"]
[WhiteElo "2576"]
[BlackElo "2491"]

1.Nf3 d5 2.c4 e6 3.b3 Nf6 4.Bb2 c5 5.e3 Nc6 6.g3 Be7 7.Bg2 O-O 8.O-O b6 9.Nc3 Ba6
10.d3 Rc8 11.Qe2 Qd7 12.Rfd1 Rfd8 13.Nb5 Bxb5 14.cxb5 Na5 15.d4 c4 16.Ne5 Qxb5
17.Bc3 Nd7 18.e4 Nxe5 19.dxe5 d4 20.Bxd4 Qb4 21.bxc4 Nxc4 22.Rac1 a6 23.Bf1 b5
24.Qc2 h6 25.Bc3 Qc5 26.Rxd8+ Bxd8 27.Bb2 Bg5 28.Rd1 Nd2 29.Qxc5 Rxc5 30.Bd3 Nc4
31.Bd4 Rc6 32.Kf1 Kf8 33.Ke2 Ke8 34.f4 Be7 35.Rc1 Ba3 36.Rb1 Na5 37.Be3 Nc4
38.Bd4 Na5 39.Be3 h5 40.h3 Nc4 41.Bd4 Na5 42.Be3 Nc4 43.Bd4 Bf8 44.a4 b4
45.Bxc4 Rxc4 46.Kd3 Rc8 47.a5 Kd7  1/2-1/2

[Event "TCh-SCG"]
[Site "Petrovac SCG"]
[Date "2004.05.22"]
[Round "7"]
[White "Arsovic,Z"]
[Black "Certic,B"]
[Result "1-0"]
[WhiteElo "2445"]
[BlackElo "2414"]

1.Nf3 d5 2.c4 e6 3.g3 Nc6 4.Bg2 d4 5.O-O Bc5 6.d3 Nge7 7.Na3 O-O 8.Nc2 a5
9.b3 Nb4 10.a3 Nxc2 11.Qxc2 Nc6 12.Bd2 Qe7 13.Qb2 e5 14.Ne1 Bg4 15.f3 Bh5
16.Nc2 Ra6 17.b4 Rb6 18.g4 Bg6 19.b5 Ra8 20.Qc1 Nd8 21.Qe1 a4 22.Nb4 c6 23.h4 f6
24.f4 exf4 25.bxc6 bxc6 26.Rxf4 Ne6 27.Rf1 Qd6 28.h5 Bf7 29.h6 Re8 30.hxg7 Nxg7
31.Qf2 Re6 32.Qf3 Qe7 33.Rf2 Bg6 34.Kh1 f5 35.Bh3 fxg4 36.Bxg4 Re3 37.Qf6 Qxf6
38.Rxf6 Rg3 39.Rg1 Rxg1+ 40.Kxg1 Be7 41.Rf1 Bh5 42.Bxh5 Nxh5 43.Kg2 c5 44.Nd5 Rg6+
45.Kf3 Bd6 46.Rh1 Nf6 47.Nf4 Bxf4 48.Bxf4 Kf7 49.Rb1 Nd7 50.Rb7 Ke7 51.Ra7 Rg1
52.Kf2 Rg4 53.Bh2 h5 54.Rxa4 h4 55.Ra8 h3 56.Bg3 Rg6 57.Rh8 Rf6+ 58.Ke1 Ra6
59.Rh7+ Ke8 60.Rxh3 Rxa3 61.Rh6 Ra7 62.Kf2 Nf8 63.Bd6 Rf7+ 64.Kg3 Rg7+ 65.Kf3 Nd7
66.Ke4 Kf7 67.Kd5 Rg5+ 68.Kc6 Nf6 69.Bxc5 Rg4 70.Rh2 Ke6 71.Bd6 Rg6 72.Rh4 Ng4
73.Rh5 Rg8 74.Rd5 Rc8+ 75.Kb7 Rd8 76.Rxd4 Nf6 77.c5 Nd5 78.Re4+ Kf7 79.Re5 Nb4
80.Re7+ Kg6 81.d4 Nd5 82.Re5 Nb4 83.e4 Rd7+ 84.Kb6 Kf7 85.Rf5+ Kg6 86.Be5  1-0

[Event "TCh-SCG"]
[Site "Petrovac SCG"]
[Date "2004.05.22"]
[Round "7"]
[White "Pajkovic,V"]
[Black "Blagojevic,D"]
[Result "0-1"]
[WhiteElo "2425"]
[BlackElo "2514"]

1.Nf3 d5 2.c4 e6 3.g3 dxc4 4.Bg2 a6 5.Ne5 Qd4 6.f4 Nd7 7.e3 Qc5 8.Nxd7 Bxd7
9.Bxb7 Rb8 10.Bg2 Bc6 11.Bxc6+ Qxc6 12.O-O Nf6 13.Qc2 Rb6 14.f5 exf5 15.Qxf5 Be7
16.b3 cxb3 17.axb3 O-O 18.Ba3 Bxa3 19.Rxa3 Rd8 20.Qf4 h6 21.Qc4 Qd6 22.Qf4 Qe7
23.Rc1 Nd5 24.Qc4 Rdd6 25.Ra5 Qd7 26.Rc5 Rb5 27.Rxb5 axb5 28.Qc5 c6 29.Rf1 h5
30.Qd4 Nf6 31.Qf4 Re6 32.Qb8+ Re8 33.Qf4 Qd3 34.b4 Qd8 35.Qf3 Re6 36.Qf5 Qd6
37.Qf4 Qd7 38.Qf5 Qe7 39.Rf4 Nd5 40.Rd4 g6 41.Qd3 Kh7 42.Qb3 Re4 43.Rxe4 Qxe4
44.Nc3 Qxb4 45.Qa2 Qc4 46.Qxc4 bxc4 47.Kf2 Kg7 48.Na4 Kf6 49.e4 Nb4 50.Nb6 Ke5
51.Nxc4+ Kxe4 52.Nd6+ Kd3 53.Nxf7 Kxd2 54.Kf3 c5 55.Ne5 Nd3 56.Nc4+ Kc3 57.Nd6 Kd4
58.h3 g5 59.Nf5+ Ke5 60.Ng7 c4 61.Ke3 h4 62.Nh5 hxg3 63.Nxg3 Nf4 64.Ne4 Nxh3
65.Nd2 Kd5 66.Ne4 g4 67.Nf6+ Kc5 68.Nxg4 Kb4 69.Kd2 Kb3 70.Ne3 c3+ 71.Kc1 Nf4
72.Nc2 Ne2+ 73.Kb1 Kc4 74.Ka2 Kd3 75.Na3 Nd4 76.Kb1 Nb3 77.Ka2 Nd2 78.Ka1 Nc4  0-1

[Event "5th IECC"]
[Site "Antalya TUR"]
[Date "2004.05.24"]
[Round "9"]
[White "Chatalbashev,B"]
[Black "Drabke,L"]
[Result "1-0"]
[WhiteElo "2543"]
[BlackElo "2453"]

1.Nf3 d5 2.c4 c6 3.e3 Nf6 4.Nc3 Bg4 5.Qb3 Qb6 6.Ne5 Bf5 7.Qxb6 axb6 8.cxd5 Nxd5
9.Nxd5 cxd5 10.Bb5+ Nd7 11.f4 g6 12.d3 f6 13.Nf3 Kf7 14.e4 dxe4 15.dxe4 Ra5
16.a4 Rxb5 17.axb5 Bxe4 18.b4 e5 19.fxe5 Bxb4+ 20.Bd2 Bxd2+ 21.Kxd2 Nxe5
22.Nxe5+ fxe5 23.Rhf1+ Ke6 24.Rf2 h5 25.Ke3 Bf5 26.Rc1 Ra8 27.Rc3 Ra4 28.Rb2 Kd6
29.g3 h4 30.Kf2 hxg3+ 31.hxg3 Rd4 32.Ke3 Re4+ 33.Kf3 Rd4 34.Rh2 Rb4 35.Rh7 Rxb5
36.Rxb7 Rb4 37.Rb8 Kd7 38.Re3 Bg4+ 39.Kf2 e4 40.Rc3 Ke7 41.Ke3 Bf5 42.Kf4 Rb1
43.Rc6 Rf1+ 44.Ke5 e3 45.Rb7+ Bd7 46.Rc2 Rf3 47.Rcc7 e2 48.Rxd7+ Ke8 49.Re7+ Kd8
50.Kd4 Rf7 51.Rxf7  1-0

[Event "XII Guillermo Garcia Prem II"]
[Site "Santa Clara CUB"]
[Date "2004.05.26"]
[Round "6"]
[White "Labollita,M"]
[Black "Zugic,I"]
[Result "1/2-1/2"]
[WhiteElo "2452"]
[BlackElo "2478"]

1.Nf3 d5 2.c4 d4 3.g3 g6 4.b4 Bg7 5.d3 e5 6.Nbd2 Ne7 7.Rb1 O-O 8.Bg2 a5 9.a3 axb4
10.axb4 c6 11.O-O h6 12.Ne1 Be6 13.Nc2 Nd7 14.Nb3 Qc7 15.Bd2 Kh7 16.Qc1 Rab8  1/2-1/2

[Event "XII Guillermo Garcia Prem II"]
[Site "Santa Clara CUB"]
[Date "2004.05.28"]
[Round "8"]
[White "Abreu,A"]
[Black "Soppe,G"]
[Result "1/2-1/2"]
[WhiteElo "2459"]
[BlackElo "2421"]

1.Nf3 d5 2.c4 e6 3.d4 Nf6 4.Nc3 Nbd7 5.cxd5 exd5 6.Bg5 Be7 7.e3 O-O 8.Bd3 c6
9.Qc2 Re8 10.O-O g6 11.h3 Nh5 12.Bxe7 Qxe7 13.Rab1 Nb6 14.Na4 Nxa4 15.Qxa4 Be6
16.b4 a6 17.Qc2 Ng7 18.a4 Rac8 19.Qd2 Qf6 20.Kh2 h5 21.b5 axb5 22.axb5 g5
23.bxc6 bxc6 24.Ne5 g4 25.f3 Qg6 26.fxg4 hxg4 27.Qf2 Re7 28.Qf6 Qxf6 29.Rxf6 g3+
30.Kg1 c5 31.dxc5 Rxc5 32.Rb8+ Re8 33.Rxe8+ Nxe8 34.Rf3 Rc1+ 35.Bf1 Nd6 36.Nd3 Ra1
37.Rxg3+ Kf8 38.Nc5 Bf5 39.Rf3 Bg6 40.Kh2 Ra3 41.h4 Kg7 42.e4 Rxf3 43.gxf3 dxe4  1/2-1/2